000 00604nam a2200241Ia 4500
003 OSt
005 20221005124447.0
006 a|||||r|||| 00| 0
007 ta
008 221004b |||||||| |||| 00| 0 tam d
024 _a49853
037 _cTextual
040 _aCRL
_cCRL
_btam
041 _2tam
_atam
082 _aO31,3N271,7, L0
100 _aRajan Ranga Au.
_9626269
245 0 _aMuvirandu ezhu
260 _c1970
650 _a TAMIL LITERATURE
650 _aTAMIL FICTION
942 _hO31,3N271,7, L0
_cTEXL
_2cc
999 _c1050552
_d1050552